Nombra un país válido que bordea cada mar - Estadísticas

Estadísticas generales
  • Esta prueba ha sido intentada 5.594 veces
  • La puntuación promedio es 12 de 17
Estadísticas de respuestas
Mar Un país que lo bordea % Correcto
Caribe Cuba | Haití | México | Venezuela | +17 otros
100%
Báltico Alemania | Dinamarca | Estonia | Finlandia | Letonia | Lituania | Polonia | Rusia | Suecia
89%
Norte Alemania | Bélgica | Dinamarca | Francia | Noruega | Países Bajos | Reino Unido
88%
Negro Bulgaria | Georgia | Rumania | Rusia | Turquía | Ucrania
84%
Arábigo India | Omán | Pakistán | Somalia | Yemen | Irán
82%
Rojo Arabia Saudita | Egipto | Eritrea | Israel | Jordania | Sudán | Yemen | Yibuti
78%
Tasmania Australia | Nueva Zelanda
77%
Adriático Albania | Bosnia y Herzegovina | Croacia | Eslovenia | Italia | Montenegro
73%
Amarillo China | Corea de Norte | Corea del Sur
71%
Egeo Grecia | Turquía
71%
Bering Estados Unidos | Rusia
69%
Caspio Azerbaiyán | Irán | Kazajistán | Rusia | Turkmenistán
68%
Muerto Israel | Jordania
61%
Coral Australia | Islas Salomón | Papua Nueva Guinea | Vanuatu
58%
Este * Corea del Norte | Corea del Sur | Japón | Rusia
54%
Andamán Birmania | India | Indonesia | Malasia | Tailandia
33%
Laquedivas India | Maldivas | Sri Lanka
29%
No se encontraron pruebas coincidentes
Distribución de puntuación
Porcentaje de gente con cada puntuación
Porcentaje por número respondido
Historial de tus puntuaciones
No has intentado esta prueba.